| 000 | 00448 a2200157 4500 | ||
|---|---|---|---|
| 003 | NUST | ||
| 005 | 20230327124345.0 | ||
| 040 | _cNust | ||
| 082 | _a823.2,HAB | ||
| 100 |
_aNaghma Hadib _9111460 |
||
| 245 |
_aMeri Zameen, Mera Akhri Hawala / میری زمین میرا آخری حوالہ (Urdu) / _cNaghma Habib |
||
| 260 |
_aKarachi _bMehran Publisher _cMay-2014 |
||
| 300 | _a298.p. | ||
| 650 | _aUrdu Literature | ||
| 942 |
_2ddc _cBK _k823.2,HAB |
||
| 999 |
_c211169 _d211169 |
||